[Event "Moscow B"]
[Site "Moscow"]
[Date "1994.??.??"]
[Round "8"]
[White "Pestov, Sergei M"]
[Black "Shipov, Sergei"]
[Result "0-1"]
[WhiteElo "2360"]
[BlackElo "2525"]
[Annotator "Stohl,I"]
[PlyCount "74"]
[EventDate "1994.??.??"]
[EventType "tourn"]
[EventRounds "11"]
[EventCountry "RUS"]
[EventCategory "7"]
[SourceTitle "CBM 041"]
[Source "ChessBase"]
[SourceDate "1994.08.01"]
[SourceVersion "1"]
[SourceVersionDate "1994.08.01"]
[SourceQuality "1"]

1. c4 Nf6 2. Nc3 (2. Nf3 b6 3. g3 Bb7 4. Bg2 c5 5. O-O g6 6. Nc3 Bg7 7. d4 cxd4
8. Qxd4 d6 9. Be3 Nbd7 10. Rac1 Rc8 11. Rfd1 O-O 12. Qh4 Re8 13. b3 a6 14. Bh3
Rc7 15. Bh6 Rc5 16. Bxg7 Kxg7 17. Qd4 Kg8 18. b4 Rc7 19. Nd5 Nxd5 20. cxd5 Nf6
21. e4 b5 22. Qe3 Bc8 $10 {Kramnik,V-Karpov,A/Monaco Amber blind/1994/}) 2...
c5 3. g3 e6 4. Nf3 b6 5. Bg2 Bb7 6. O-O Be7 (6... d6 7. d4 cxd4 8. Qxd4 a6 9.
b3 Nbd7 10. Rd1 Be7 11. e4 Qb8 12. Qe3 O-O 13. Nd4 Re8 14. Bb2 Bf8 15. Qd2 Qa7
16. Re1 Rad8 17. h3 Qa8 18. Rad1 g6 19. Kh2 Bg7 20. Qc2 Nc5 21. f3 Qb8 22. Qf2
Nh5 $132 {Rotstein,A-Gostisa,L/Maribor Pirc/1994/}) 7. b3 O-O 8. d4 cxd4 9.
Qxd4 d6 10. Bb2 Nbd7 11. Rfd1 a6 12. Ne1 (12. e4 $142) 12... Qb8 $1 (12... Bxg2
13. Nxg2 {/\e4,Ne3} Qb8 14. Ne4 Rd8 15. Ne3 Nc5 16. Nxf6+ Bxf6 17. Qd2 Ne4 18.
Qc2 Qb7 19. Bxf6 Nxf6 20. Rd4 Ne8 21. Rad1 Rac8 22. Qd2 b5 23. h4 bxc4 $6 24.
Nxc4 d5 25. Na5 Qc7 26. e4 $14 {Pelts-Spraggett/Montreal zt/1981/}) (12... Qc7
13. Ne4 Rfd8 14. Nxf6+ Nxf6 15. Rac1 Rac8 16. e4 Bf8 17. e5 Bxg2 18. Nxg2 dxe5
19. Qxe5 Qc6 20. Qe2 Ne4 21. Qf3 Bc5 22. Ne3 f5 $10 {Ostojic,N-Arsovic,Z/Pula
op/1990/}) 13. Nd3 $146 (13. e4 $5 Rc8 14. Qe3 Ra7 15. Nf3 Ng4 (15... Nc5 $5
$132) 16. Qe2 Nge5 17. Ne1 $1 Ba8 18. Rd2 Nc5 19. Nc2 Nc6 20. f4 Nd7 21. Ne3
Nf6 22. g4 Ne8 23. g5 Rac7 24. h4 b5 25. f5 $1 $36 {Korchnoi,V-Garcia Martinez/
Moscow/1975/}) (13. Bxb7 Qxb7 14. Ng2 Rac8 15. Rd2 Rfe8 16. Rad1 h6 17. Ne3 Bf8
18. Ng4 b5 19. cxb5 axb5 20. Nxf6+ Nxf6 21. Qb4 d5 $1 22. Qxb5 Qxb5 23. Nxb5
Ne4 24. Rd3 Rc2 25. f3 Rxb2 26. fxe4 Rxa2 $10 {Grimm,S-Okrajek,A/Bad
Worishofen op/1993/}) 13... Bxg2 14. Kxg2 Qb7+ 15. e4 (15. Kg1 $142 b5 16. Ba3
$5 $10) 15... b5 $1 16. cxb5 (16. Ba3 Rfc8 $1 {|^><c4,e4}) 16... axb5 17. f3
Rfc8 18. Rd2 h6 $5 $15 19. a4 $6 (19. Qb4 Rab8 {/\Bf8,d5|^}) (19. Nb4 Ne5 $15)
19... bxa4 20. Rxa4 Rxa4 (20... Qxb3 $6 21. Rb4 e5 $8 22. Rxb3 exd4 23. Ne2 Nc5
24. Ra3 $1 Rxa3 25. Bxa3 Nxd3 26. Rxd3 Rc2 27. Kf2 $10) 21. bxa4 Nb6 {><c4} 22.
e5 (22. Rc2 Rc4 23. Qf2 Nxa4 $17) 22... Nc4 $1 23. Re2 (23. exf6 Bxf6 24. Qf2
Nxd2 25. Qxd2 Qb3 $1 26. Qd1 (26. Ne2 Bxb2 27. Nxb2 Rc2 $19) 26... Rxc3 $19)
23... dxe5 24. Nxe5 Nxb2 25. Nb5 $8 Nxa4 26. Qxa4 Nd5 $17 {עg2} 27. Nd3 (27.
Rd2 Ne3+ 28. Kf2 Bc5 $40) 27... Rb8 $1 28. Rb2 $8 (28. Nd4 Nc3) 28... Qc6 {
/\Nc7} 29. Kh3 Bf8 (29... Nc7 $2 30. Nc3 $1 Qxa4 31. Rxb8+ $15) 30. Ne5 Qc1 $19
31. Qa7 (31. Nd3 Qf1+ $19) 31... Qxb2 $1 (31... Qf1+ $6 32. Rg2 Qxb5 33. Qxf7+
Kh7 34. Qg6+ $10) 32. Qxf7+ Kh8 33. Qxe6 (33. Ng6+ Kh7 34. Nxf8+ Rxf8 35. Qxf8
Qxb5 $19) 33... Qxb5 34. Nf7+ (34. Ng6+ Kh7 35. Qe4 (35. Qf5 Nf4+ 36. Qxf4 Kxg6
) 35... Qe8 36. Nxf8+ Kg8 $19) 34... Kh7 35. Qe4+ Kg8 (35... g6 $19) 36. Qe6
Nf4+ $1 37. gxf4 Qh5+ 0-1

[Event "Bled/Rogaska Slatina"]
[Site "Bled"]
[Date "1991.??.??"]
[Round "8"]
[White "Hulak, Krunoslav"]
[Black "Gostisa, Leon F"]
[Result "1/2-1/2"]
[WhiteElo "2520"]
[BlackElo "2440"]
[Annotator "Stohl,I"]
[PlyCount "80"]
[EventDate "1991.06.??"]
[EventType "tourn"]
[EventRounds "13"]
[EventCountry "SLO"]
[EventCategory "12"]
[SourceTitle "CBM 024"]
[Source "ChessBase"]
[SourceDate "1991.10.01"]
[SourceVersion "1"]
[SourceVersionDate "1991.10.01"]
[SourceQuality "1"]

1. d4 Nf6 2. Nf3 e6 3. g3 b6 4. Bg2 Bb7 5. O-O c5 6. c4 cxd4 7. Qxd4 d6 8. Nc3
a6 9. Rd1 (9. Ng5 Bxg2 10. Kxg2 Be7 $1 (10... Qc7 11. Nce4 Nxe4 12. Qxe4 $1 (
12. Nxe4 Nc6 13. Qc3 Ne5 14. b3 Qc6 15. f3 Be7 $10 {Adorjan}) 12... Qc6 13. Rd1
h6 14. Qxc6+ Nxc6 15. Ne4 O-O-O 16. Bf4 Kc7 17. Rac1 g5 18. Be3 Kb7 19. Rd3 $36
{Adorjan,A-Phominyh,A,Balassagyarmat 1990}) 11. Be3 Nbd7 12. Nge4 Qc7 13. Rfd1
O-O 14. Rac1 (14. Nxd6 $6 Qc6+ 15. Kg1 Rad8 $146) 14... Rfd8 {1/2:1/2,Stangl,
M-Adorjan,A,Altensteig 1989-CBM 14}) (9. Be3 Nbd7 10. Ng5 Bxg2 11. Kxg2 Rc8 (
11... Be7 12. Nge4 Nc5 13. Rfd1 Nfxe4 14. Nxe4 Nxe4 15. Qxe4 Rb8 16. Bf4 $16)
12. Nge4 Rc6 13. Nxf6+ Nxf6 14. Rac1 Be7 15. Ne4 O-O 16. Rfd1 (16. Nxf6+ Bxf6
17. Qe4 Qa8 18. b3 {Freisler,P-Gregor,J,Praha Vysehrad-A 1990} b5 $5 $132)
16... Qc7 17. b3 b5 18. cxb5 axb5 19. Nxf6+ Bxf6 20. Qb4 Bb2 $1 $10 {Piket,
Je-Prie,E,Cannes tt 1990-CBM 18}) 9... Nbd7 10. Ng5 Bxg2 11. Kxg2 Rc8 $8 (11...
Qc7 12. Nge4 Nxe4 13. Nxe4 Ne5 14. b3 Rd8 15. Be3 $16 {Larsen,B-Gheorghiu,F,
Las Palmas 1976}) 12. Nge4 Rc6 13. Bf4 (13. b3 $5 Be7 14. Ba3 Qa8 15. Kg1 Nc5
16. Nxc5 bxc5 17. Qf4 O-O 18. Rd2 h6 19. Rad1 Ne8 20. Qf3 Qc8 21. e3 $14 {
Smejkal,J-Rajkovic,D,Altensteig 1990-CBM 20}) 13... Qa8 (13... e5 $2 14. Nxf6+
Qxf6 (14... Nxf6 15. Bxe5 Qa8 16. Bxf6 Rxc4+ 17. Qd5 $18) 15. Qe4 $16) (13...
Nxe4 $6 14. Qxe4 Qc8 15. Nd5 $5 (15. b3 Be7 $10) 15... Rxc4 16. Rac1 b5 $8 17.
Rxc4 bxc4 18. Rd4 Qc5 19. Bg5 {/\Rc4} Ne5 20. f4 {Rogozenko-Foisor,O,ROM-ch
1990} f5 21. Qe3 h6 22. fxe5 hxg5 23. exd6 Kd7 24. Qe5 $1 $40) 14. Kg1 (14. Qd3
Ng4 15. b3 Be7 16. f3 Nge5 17. Qe3 O-O 18. Rd2 Qb8 19. Rad1 b5 $13 {Csom,
I-Wojtkiewicz,A,Ter Apel 1991-CBM 24}) 14... Nxe4 (14... e5 15. Nxf6+ Nxf6 16.
Qe3 Rxc4 17. Bg5 $16) 15. Qxe4 Nf6 16. Qf3 Qc8 17. Rac1 (17. a4 $6 Be7 18. Nb5
Qd7 $1 19. Nxd6+ Bxd6 20. e4 e5 $8 (20... Qc7 21. e5 $16) 21. Bxe5 Bxe5 22.
Rxd7 Nxd7 $15) (17. Rd3 Rxc4 $5 18. Bxd6 Bxd6 19. Rxd6 b5 20. Rad1 O-O 21. a3
h6 22. Kg2 Ng4 $1 $10 {Stohl,I-Rajkovic,D,BL 1990/91}) 17... Be7 18. Na4 O-O
19. b4 $6 {><c4} Qa8 $1 $132 {/\b5} (19... Rxc4 $2 20. Nxb6 Rxc1 21. Rxc1 Qb8
22. Qc6 $16) 20. Bg5 h6 21. Be3 Nd7 (21... b5 $6 22. Nb6 Qe8 (22... Qb7 23.
cxb5 Rxc1 24. Qxb7 Rxd1+ 25. Kg2 $18) 23. c5 $16) 22. Bd4 Rfc8 23. Bb2 Bf6 (
23... b5 $142 $5 24. cxb5 axb5 25. Nc3 Bf6 $36) 24. Bxf6 Nxf6 25. Qf4 b5 26.
Nb2 e5 27. Qf3 a5 28. Qa3 $1 (28. a3 axb4 29. axb4 Qa2 $17) 28... bxc4 (28...
axb4 29. Qxa8 (29. Qxb4 bxc4 30. Rxc4 Qxa2 $15) 29... Rxa8 30. cxb5 Rxc1 31.
Rxc1 {/\} Rxa2 $2 32. b6 Nd7 33. b7 Rxb2 34. Rc7 $18) 29. b5 Rc5 30. Rxd6 Rxb5
(30... c3 $6 31. Na4 Rxb5 32. Nb6 $16) 31. Nxc4 Ne4 (31... Rbc5 $6 32. Rd8+ $1
$8 Rxd8 33. Qxc5 $14) 32. Rdd1 $8 Ng5 33. f3 Rbc5 34. Nb6 $10 Rxc1 35. Rxc1
Rxc1+ 36. Qxc1 Qa7 37. Qe3 Ne6 38. Kf2 Nd4 39. Nc4 f6 40. f4 Qc5 $1 {Stohl,I} (
40... exf4 41. gxf4 Qc5 42. Nxa5 $16) 1/2-1/2

[Event "Bled/Rogaska Slatina"]
[Site "Bled"]
[Date "1991.??.??"]
[Round "4"]
[White "Damljanovic, Branko"]
[Black "Djuric, Stefan"]
[Result "1-0"]
[WhiteElo "2560"]
[BlackElo "2540"]
[Annotator "Stohl,I"]
[PlyCount "75"]
[EventDate "1991.06.??"]
[EventType "tourn"]
[EventRounds "13"]
[EventCountry "SLO"]
[EventCategory "12"]
[SourceTitle "CBM 024"]
[Source "ChessBase"]
[SourceDate "1991.10.01"]
[SourceVersion "1"]
[SourceVersionDate "1991.10.01"]
[SourceQuality "1"]

1. Nf3 Nf6 2. c4 c5 3. g3 b6 4. Bg2 Bb7 5. O-O g6 6. Nc3 Bg7 7. d4 (7. b3 O-O
8. Bb2 Na6 $5 9. d4 d5 $10) (7. Re1 $5 O-O 8. e4 Nc6 9. e5 $14) 7... cxd4 8.
Qxd4 (8. Nxd4 Bxg2 9. Kxg2 O-O 10. e4 Qc7 11. b3 Na6 $5 (11... Nxe4 12. Nxe4
Qe5 $10) 12. f3 Qb7 13. Be3 Nc5 14. Rc1 Rac8 15. Nd5 Rfe8 16. Rf2 d6 17. Rd2
Ncd7 18. Qe2 a6 $132 {Morovic,I-Psakhis,L,Novi Sad olm 1990}) 8... Nc6 (8...
O-O $6 9. Qh4 d6 10. Bh6 Nbd7 11. b3 Rc8 12. Rfd1 (12. Rad1 Rc5 13. Ng5 Bxg2
14. Kxg2 Nh5 15. Bxg7 Kxg7 16. Nge4 Re5 17. Rd5 Rxd5 18. Nxd5 e6 19. Qxd8 Rxd8
20. Ne3 Nc5 $10 {Salov,V-Mascarinas,R,Manila izt 1990-CBM 19}) 12... Rc5 13.
Bxg7 Kxg7 14. Qd4 Qa8 15. Ne1 a6 16. e4 b5 17. Nd3 Rcc8 18. cxb5 axb5 19. Qb4
$14 {Ljubojevic,L-Rechlis,G,Manila izt 1990-CBM 19}) (8... d6 9. Rd1 Nbd7 10.
Be3 Rc8 11. Rac1 O-O 12. Qh4 Re8 13. b3 h5 $5 14. h3 Nf8 15. g4 Rb8 16. Nd5
N8h7 17. Ng5 Nxg5 18. Bxg5 hxg4 19. hxg4 Qd7 20. Bf3 Nxd5 21. cxd5 f6 $10 {
Wojtkiewicz,A-Ftacnik,L,Wien op 1990-CBM 21}) 9. Qf4 O-O (9... Qb8 $142 $5 10.
Qxb8+ Rxb8 11. Bf4 d6 12. Rac1 O-O 13. Rfd1 Rfd8 14. b3 Ba8 15. Ne1 a6 16. Nd3
Nd7 17. Nd5 Nc5 18. N3b4 Nxb4 19. Nxb4 Bxg2 20. Kxg2 Rb7 $10 {Huzman,
A-Marinkovic,S,Vrnjacka Banja 1991-CBM 23}) 10. Qh4 $1 $14 Rc8 11. Bg5 (11. Bh6
$5 $14) 11... Ne8 12. Rad1 (12. Rac1 Nd6 $132 {/\Nf5}) 12... Bxc3 $5 13. bxc3
f6 14. Bh6 Rf7 15. Qg4 $1 (15. Bh3 Nd6 $13 {><c4}) 15... e6 (15... Nd6 16. Bf4
$16) (15... d6 16. h4 $36) 16. Rd3 Qe7 17. Rfd1 {/\Rd7} d6 18. Re3 f5 (18...
Nc7 19. Nd4 {><e6}) (18... Ne5 19. Nxe5 dxe5 20. Bxb7 Qxb7 21. Qxe6 $16) 19.
Qh3 Na5 20. Ng5 Rf6 21. Bd5 $5 (21. Bxb7 Nxb7 $15) 21... Bxd5 (21... Nc7 $5 $13
) 22. cxd5 e5 23. Rf3 {/\e4->} e4 24. Rf4 {/\Ne4} Rc7 (24... Rxc3 $142 $5 25.
Ne6 $13) 25. g4 $40 (25. Ne6 Rxe6 26. dxe6 Qxe6 27. g4 $16) 25... Qe5 26. e3
Rxc3 $6 (26... fxg4 27. Rxg4 Qf5 28. Qg2 $16 {><e4}) 27. Bg7 $1 h5 (27... Nxg7
28. Qxh7+ Kf8 29. Qh8+ $18) (27... Kxg7 28. Qxh7+ Kf8 29. Ne6+ Rxe6 30. dxe6
Rc7 (30... Qxe6 31. Qh8+ Kf7 32. Qxc3) 31. Qxg6 $18) 28. Bxf6 Nxf6 29. gxf5 $16
Nc4 $6 (29... Qxf4 $142 30. exf4 Rxh3 31. Nxh3 gxf5 $16) 30. Qh4 Nb2 31. Rf1 (
31. Nxe4 $5 Nxd1 32. Nxf6+ $18) 31... Nd3 32. Rxe4 Qxf5 (32... Nxe4 33. Nxe4
Rc4 34. Qd8+ Kh7 35. Ng5+ $18) 33. Rd4 Ne5 (33... Nxd5 34. e4 $18) 34. Rf4 Rc4
$8 35. Rxf5 Rxh4 36. Rxf6 Rg4+ 37. Kh1 Rxg5 38. f4 {Stohl,I} 1-0

[Event "Beersheba-Peterburg Kings m"]
[Site "St Petersburg"]
[Date "1999.06.05"]
[Round "1"]
[White "Tseitlin, Mark D"]
[Black "Yemelin, Vasily"]
[Result "0-1"]
[WhiteElo "2490"]
[BlackElo "2550"]
[Annotator "Stohl,I"]
[PlyCount "108"]
[EventDate "1999.06.??"]
[EventType "schev"]
[EventRounds "10"]
[EventCountry "RUS"]
[SourceTitle "CBM 072"]
[Source "ChessBase"]
[SourceDate "1999.10.01"]
[SourceVersion "1"]
[SourceVersionDate "1999.10.01"]
[SourceQuality "1"]

1. Nf3 Nf6 2. c4 e6 3. g3 b6 4. Bg2 Bb7 5. O-O Be7 6. Nc3 O-O 7. Re1 c5 8. e4
d6 9. d4 cxd4 10. Nxd4 {[%cal Re4e5] A typical Hedgehog position. With this
move order (c5 only on move 7) Black now has to meet the e5 threat.} Nfd7 $5 {
A rare, but interesting move.} ({Very passive is} 10... Ne8 $6 11. b3 Nd7 12.
Bb2 a6 13. Qe2 Qc7 14. Rad1 g6 15. f4 Ng7 16. Nf3 Rfe8 17. e5 dxe5 18. fxe5
Rad8 19. Ne4 Bxe4 20. Qxe4 Nc5 21. Qe2 Nf5 22. g4 Nh4 23. Nd4 Nxg2 24. Kxg2 $36
{[%csl Gd4,Ge5] (),[+],Ftacnik,L-Jankovec,I/CZ-ch Marianske Lazne/1978/}) (
10... Qd7 {This square is ideal for a N, not so suprisingly the Q get in the
way here.} 11. Be3 (11. b3 Nc6 12. Nxc6 Bxc6 13. Bb2 Rfd8 $6 (13... Rfe8 $142)
14. Qe2 a6 15. Nd5 $1 exd5 16. exd5 $36 {Tolstikh,N-Chernyshov,K/Ceske
Budejovice op/1997/}) 11... Nc6 12. Rc1 Rfd8 13. Qe2 Rac8 14. b3 Qc7 $6 15.
Nxc6 Bxc6 16. Nd5 $1 {Again this typical blow secures White a lasting
initiative.} Qb7 17. Nxe7+ Qxe7 18. Bd4 e5 19. Bb2 Qb7 20. f3 b5 21. c5 dxc5
22. Bxe5 Nd7 23. Ba1 $16 {[%csl Ga1,Gg2][%cal Ga1g7] ^^,/^a1-h8,Rosen,B-Weber,
F/NRW-I/1992/}) ({Black's most harmonious move is} 10... Qc7 $5 {when he has
every chance to transpose into one of the more usual lines, as wild attempts
promise White only little:} 11. Be3 (11. Ndb5 $5 Qc6 12. Bg5 (12. g4 a6 13. Na3
Re8 14. g5 Nfd7 15. f4 Bd8 16. Be3 Qc7 17. Rc1 Nc6 18. Qd2 $13 {1/2,Davies,
N-Csom,I/Wrexham/1996/}) 12... a6 13. Nd4 Qc7 14. Rc1 Nbd7 15. f4 h6 16. Bh4
Rfe8 17. h3 Rac8 18. g4 Nxe4 19. Bxe7 Nxc3 20. Rxc3 Bxg2 21. Kxg2 Rxe7 22. Nf5
Nf6 23. Nxe7+ Qxe7 24. Qd4 Rc5 25. b4 Rc6 26. Kg1 d5 27. c5 Ne4 28. Rxe4 dxe4
29. Qxe4 Qd7 $11 {1/2,Speelman,J-Plaskett,J/BCF-ch Ayr/1978/}) (11. b3 a6 12.
Bb2 Nbd7 13. f4 Rfe8 (13... Rfd8 14. f5 e5 15. Nc2 b5 16. cxb5 axb5 17. Kh1 Qa5
18. b4 Qa6 19. Qe2 Nb6 20. Qxb5 Qxb5 21. Nxb5 Na4 22. Rab1 Rdc8 23. Nca3 Ng4
24. Ba1 Bc6 25. h3 Nf6 26. Rbd1 Ne8 27. Rc1 $14 {Levin,F-Ostojic,N/Belgrade/
1992/}) (13... Rad8 14. g4 d5 15. e5 dxc4 16. Bxb7 Qxb7 17. exf6 Nxf6 18. Qf3
Qxf3 19. Nxf3 Nxg4 20. Re2 Rd3 $13 {Agdestein,S-Sjoberg,M/Gausdal/1982/}) 14.
f5 e5 15. Nc2 b5 16. Ne3 b4 17. Ncd5 Nxd5 18. Nxd5 Bxd5 19. cxd5 Bg5 20. h4 Bh6
21. Bf1 Rec8 22. Bc4 a5 23. Kg2 a4 24. Re2 Ra5 25. Qe1 Qb6 26. Kf3 Rac5 27. Bc1
Bxc1 28. Rxc1 axb3 29. axb3 Ra5 $36 {Larsen,B-Quinteros,M/Mar del Plata/1982/})
11... a6 12. Rc1 Nbd7 13. f4 Rac8 (13... Rfe8 14. Bf2 Bf8 15. g4 g6 16. h3 h6
17. Qd2 Rac8 18. b3 Nh7 19. Red1 Qb8 20. Nde2 Rc7 21. Ng3 Ba8 22. Nce2 Bc6 $132
{Bursteinas,R-Smetankin,S/WChJ Oropesa del Mar /1998/}) 14. b3 Rfd8 15. Qe2 Qb8
16. g4 Qa8 17. Bf2 Nf8 18. g5 N6d7 19. Qg4 Re8 20. Re3 d5 21. exd5 Bc5 22. Rh3
exd5 23. cxd5 b5 $13 {Gschwendtner,S-Prediger,R/Bayern/1997/}) (10... a6 $2 11.
e5 dxe5 12. Bxb7 Ra7 13. Nc6 Qxd1 14. Nxe7+ Kh8 15. Rxd1 Rxb7 16. b3 $16 {/+-})
11. b3 (11. Be3 Nc6 12. Nxc6 Bxc6 13. Rc1 a6 14. f4 Ra7 15. a4 Qa8 16. b4 $2 a5
17. b5 Bb7 18. g4 Rc8 19. Qe2 Bf6 20. Bf2 g6 21. g5 Bg7 22. Red1 Qb8 23. Qd3
Bf8 24. Bd4 Ba8 $17 {[%csl Rc4,Rc5,Re4,Rf4] ><c4,[+],Shomoev,A-Iliushkin,E/
Novgorod/1999/ Such broad and unfounded aggression usually backfires badly
against the Hedgehog.}) 11... Nc6 {If Black wants to develop his Nb8, he
should do so immediately.} (11... a6 $143 12. Bb2 Qc7 13. Rc1 {/\} Nc6 $2 14.
Nd5 $16) 12. Be3 {Now Black solves most of his problems satisfactorily. To
keep the tension and hopes of an opening edge White should avoid
simplification without getting any concrete advantage in return. Basically he
had two better plans:} (12. Nc2 $5 a6 13. Bb2 {()}) ({Another constructive
idea was} 12. Nxc6 Bxc6 13. Ba3 $5 Ne5 (13... Nc5 14. b4 Nd7 15. b5 Bb7 16.
Bxd6 Rc8 17. Bf1 $14) (13... Nf6 $2 14. e5 Bxg2 15. Kxg2 $36) 14. f4 Ng6 15.
Qd2 $14 {[%cal Ya1d1,Ya3b4,Ya2a5] /\Rad1,Bb4,a4-a5,etc. ties Black down to
><d6.}) 12... Nxd4 13. Bxd4 (13. Qxd4 $142 $5 a6 14. Qd2) 13... a6 14. Qe2 Rc8
15. Rac1 Qc7 16. h3 Rfe8 $11 {<=> Black has achieved the typical solid
wait-and-see position. White now makes a few strategically suspect moves and
quickly gets under strong pressure.} 17. Qb2 $6 (17. Nd1 $5 b5 18. Ne3 $11)
17... Qb8 18. f4 Bc6 19. a4 $2 {Weakens the dark squares.} (19. Bf2 b5 20. cxb5
axb5 21. b4 $5 $13 {/\} Nb6 22. Qe2) 19... e5 20. Bf2 exf4 21. gxf4 Nc5 22. Qc2
Bf6 $17 {[%csl Re4] ><e4 White's center is falling apart.} 23. Nd5 (23. Qb1
Bxc3 (23... Qb7 $6 24. Nd5 $11) 24. Rxc3 Qb7 25. Bxc5 (25. Rce3 f5 $17) 25...
bxc5 $36) 23... Bxd5 24. exd5 $8 (24. cxd5 Nxe4 $19) 24... a5 $1 {[%csl Rb3,
Rf4,Rg1] ><b3,f4,Kg1} 25. Rb1 ({In this position the ^- only increase White's
suffering, as he has no <=>.} 25. Bxc5 bxc5 $17 {[%csl Gf6,Rg2] ^-} (25... dxc5
$5 $17)) 25... g6 26. Bf3 Rxe1+ 27. Rxe1 Rf8 $1 {A fine move, Black still
needs a pair of R and due to the weak >> he will be able to occupy the <->e
himself later on.} (27... Re8 $6 28. Rxe8+ Qxe8 29. Bxc5 bxc5 30. Qe2 $15) 28.
Kg2 (28. Bd1 $5 {/\Qe2}) 28... Qd8 29. Rb1 {White desperately seeks some play,
but now Black activates his major pieces.} (29. Bd1 Bh4 $17 {[%csl Gc5,Rd1]
ץd1}) (29. Re2 $142) 29... Bg7 30. b4 axb4 31. Rxb4 Re8 32. Qd2 (32. Qb1 Bh6
$1 $40 (32... Qf6 $6 33. Rxb6 Qxf4 34. Rb8 $132)) 32... Bh6 33. Bg3 Ne4 34.
Bxe4 Rxe4 {[%cal Ge8e1,Rd8e7,Re7f6] <->e,/\Qe7,Qf6} 35. c5 Rxb4 36. Qxb4 dxc5 (
36... bxc5 $6 37. Qb5 {[%csl Ga4] o^a<=>}) 37. Qc4 Qd7 38. Qe4 (38. f5 Qxf5 39.
d6 Bf8 $19) (38. Qb3 $142 $5 Bg7 39. Bf2 Qd6 $17) 38... Bg7 39. Qc4 Bd4 $22 $19
40. Bf2 (40. Qb3 Qf5 $1 41. d6 c4 $1 $19 {/\} 42. Qxc4 Qe4+ 43. Kh2 Bg1+) 40...
Bxf2 41. Kxf2 Qxh3 42. d6 (42. Qb5 Qh4+ 43. Ke2 (43. Kf3 Qh1+) 43... Qxf4 $19)
42... Qf5 43. Kg1 Kf8 {[%cal Yf5e6,Yf8e8] /\Qe6,Ke8 Black will gradually
encircle White's last dangerous P.} 44. Qe2 Qf6 45. a5 $8 (45. Qd3 Qd4+ $19)
45... bxa5 46. Qa6 Kg7 47. Qc6 Qd4+ {[%csl Ga5,Gc5] o^a,c} 48. Kg2 a4 49. d7 a3
50. f5 (50. Qc7 a2 $19) 50... a2 51. f6+ Kh6 (51... Qxf6 $4 52. Qxf6+ Kxf6 53.
d8=Q+ $18) 52. Qc7 a1=Q 53. Qh2+ Kg5 54. Qg3+ Kxf6 0-1

[Event "Helsinki op"]
[Site "Helsinki"]
[Date "1992.??.??"]
[Round "7"]
[White "Bagirov, Vladimir"]
[Black "Brodsky, Michail"]
[Result "1-0"]
[WhiteElo "2500"]
[BlackElo "2540"]
[Annotator "Stohl,I"]
[PlyCount "55"]
[EventDate "1992.09.??"]
[EventType "swiss"]
[EventRounds "9"]
[EventCountry "FIN"]
[SourceTitle "CBM 032"]
[Source "ChessBase"]
[SourceDate "1993.02.01"]
[SourceVersion "1"]
[SourceVersionDate "1993.02.01"]
[SourceQuality "1"]

1. Nf3 Nf6 2. c4 b6 3. g3 c5 4. Bg2 Bb7 5. O-O e6 6. Nc3 Be7 (6... a6 7. Re1 d6
8. e4 e5 9. Nh4 $5 {N} g6 10. d3 Nc6 11. f4 Be7 12. Nd5 $1 Nd7 $6 13. Nf3 O-O
14. Bh3 Bc8 15. Rf1 $16 {|^>>,Stohl,I-Jurek,J,Staatsliga 1992/93}) 7. Re1 d5 8.
cxd5 (8. Ne5 O-O 9. d4 Ne4 $1 10. cxd5 Nxc3 11. bxc3 Bxd5 12. e4 Bb7 13. Bb2
Nd7 14. Nxd7 Qxd7 15. Qb3 Rac8 16. a4 Ba6 17. Bh3 cxd4 18. cxd4 Bc4 19. Qe3 Bf6
$132 {Panno,O-Morovic,I,Vina del Mar 1988}) 8... Nxd5 (8... exd5 9. d4 {-E15})
9. e4 Nb4 (9... Nxc3 10. bxc3 O-O 11. d4 Nd7 12. Bf4 Nf6 13. Ne5 Rc8 14. Qd2 b5
$1 15. Rad1 cxd4 16. cxd4 a5 17. Re3 Nh5 18. Rb3 b4 19. Be3 Qc7 20. Qe2 Nf6 $15
{Mukhatarov,L-Brodsky,M,Katowice op 1992,TD 92_04}) 10. d4 $8 cxd4 11. Nxd4
N8c6 12. Nxc6 Nxc6 (12... Qxd1 $5 13. Rxd1 Bxc6 14. Bf4 Rd8 15. Rxd8+ Bxd8 16.
Rd1 Na6 17. Bf1 Nc7 18. a4 g5 19. Be5 Rg8 20. f3 f6 21. Bd6 Rg7 22. Bc4 Rd7 {
Larsen,B-Szmetan,J,Buenos Aires 1992,TD 92_05}) 13. e5 O-O $6 {N} (13... Qxd1
$8 14. Rxd1 Rb8 $1 15. Be3 $5 (15. f4 Nb4 $5 16. Bxb7 Rxb7 $10 {<=>}) 15...
Nxe5 16. Bf4 f6 17. Rac1 Bxg2 18. Kxg2 Rd8 19. Bxe5 fxe5 20. Nb5 $44 {Vaganian,
R-Portisch,L,Saint John cm 1988,CBM 06}) 14. Qg4 $1 $16 {->,/\Bh6+-} Kh8 $8 15.
Bf4 Qb8 (15... Na5 16. Rad1 Qc8 17. Ne4 $16) 16. Rad1 Bb4 $6 (16... Rd8 17. Qh5
Kg8 18. Be4 g6 19. Qf3 $16) 17. Rd7 $1 Bxc3 (17... Nd8 18. Bh6 gxh6 19. Qxb4
$18 {׻}) 18. bxc3 Nd8 (18... Qc8 19. Red1 Na5 20. Bh6 $1 gxh6 (20... Rg8 21.
Bxb7 Nxb7 22. Rxf7 gxh6 23. Qf3 Rg7 24. Qf6 $18) 21. Qh4 $18) 19. Bh6 $1 $18
gxh6 (19... Rg8 20. Bxb7 gxh6 (20... Nxb7 21. Rxf7 gxh6 22. Qf3 $18) 21. Qf3
$18) 20. Qh4 Bxg2 21. Qf6+ Kg8 22. Kxg2 $1 Qc8 (22... Nc6 23. Re4 h5 24. Qg5+
Kh8 25. Qxh5 $18 {/\Rh4}) 23. Re4 h5 $8 24. Qg5+ Kh8 25. Qf6+ Kg8 26. Rdd4 {
/\Rg4!} Re8 (26... Qc6 27. f3 $18) 27. Qg5+ Kh8 $2 (27... Kf8 $8 28. Qxh5 $1 {
/\Qh7-h8-f6,Rh4+-} Nc6 29. Qh6+ Ke7 30. Qf6+ Kf8 31. Rh4 $1 Nxd4 32. Rxh7 Qb7+
33. Kh3 $18) 28. Rg4 $1 (28. Rg4 hxg4 29. Rxg4 Qb7+ 30. Kh3 {/\Qf6,Qg7#}) 1-0